Kitab al-aghani /

Saved in:

Main Author: Abū al-Faraj al-Iṣbahānī, 897 or 898-967 (Author)

Corporate Author: Dār al-Kutub al-Miṣrīyah.

Format: Book

Language: Arabic

Published: al-Qāhirah : Maṭbaʻat Dār al-Kutub al-ʻArabīyah, 1927-1974.

Subjects:

Tags: Add Tag

No Tags, Be the first to tag this record!

Call Number: PJ7631 .A2 v.1-24

LEADER 04988nam a2200529Ia 4500
003 OSt
005 20231016133539.0
008 130303m19271974ua 000 p ara d
952 |0 0  |1 0  |2 lcc  |3 V.1  |4 0  |6 PJ7631 A2 V.00001-00024  |7 1  |9 50601  |a ARCE  |b ARCE  |d 2023-10-16  |l 0  |o PJ7631 .A2 v.1-24  |p 1019352  |r 2023-10-16 00:00:00  |w 2023-10-16  |y BK 
952 |0 0  |1 0  |2 lcc  |3 V.2  |4 0  |6 PJ7631 A2 V.00001-00024  |7 1  |9 63033  |a ARCE  |b ARCE  |d 2024-02-26  |l 0  |o PJ7631 .A2 v.1-24  |p 1019353  |r 2024-02-26 00:00:00  |w 2024-02-26  |y BK 
952 |0 0  |1 0  |2 lcc  |3 V.3  |4 0  |6 PJ7631 A2 V.00001-00024  |7 1  |9 63034  |a ARCE  |b ARCE  |d 2024-02-26  |l 0  |o PJ7631 .A2 v.1-24  |p 1019354  |r 2024-02-26 00:00:00  |w 2024-02-26  |y BK 
952 |0 0  |1 0  |2 lcc  |3 V.4  |4 0  |6 PJ7631 A2 V.00001-00024  |7 1  |9 63035  |a ARCE  |b ARCE  |d 2024-02-26  |l 0  |o PJ7631 .A2 v.1-24  |p 1019355  |r 2024-02-26 00:00:00  |w 2024-02-26  |y BK 
952 |0 0  |1 0  |2 lcc  |3 V.5  |4 0  |6 PJ7631 A2 V.00001-00024  |7 1  |9 63036  |a ARCE  |b ARCE  |d 2024-02-26  |l 0  |o PJ7631 .A2 v.1-24  |p 1019356  |r 2024-02-26 00:00:00  |w 2024-02-26  |y BK 
952 |0 0  |1 0  |2 lcc  |3 V.6  |4 0  |6 PJ7631 A2 V.00001-00024  |7 1  |9 63037  |a ARCE  |b ARCE  |d 2024-02-26  |l 0  |o PJ7631 .A2 v.1-24  |p 1019357  |r 2024-02-26 00:00:00  |w 2024-02-26  |y BK 
952 |0 0  |1 0  |2 lcc  |3 V.7  |4 0  |6 PJ7631 A2 V.00001-00024  |7 1  |9 63038  |a ARCE  |b ARCE  |d 2024-02-26  |l 0  |o PJ7631 .A2 v.1-24  |p 1019358  |r 2024-02-26 00:00:00  |w 2024-02-26  |y BK 
952 |0 0  |1 0  |2 lcc  |3 V.8  |4 0  |6 PJ7631 A2 V.00001-00024  |7 1  |9 63039  |a ARCE  |b ARCE  |d 2024-02-26  |l 0  |o PJ7631 .A2 v.1-24  |p 1019359  |r 2024-02-26 00:00:00  |w 2024-02-26  |y BK 
952 |0 0  |1 0  |2 lcc  |3 V.9  |4 0  |6 PJ7631 A2 V.00001-00024  |7 1  |9 63040  |a ARCE  |b ARCE  |d 2024-02-26  |l 0  |o PJ7631 .A2 v.1-24  |p 1019360  |r 2024-02-26 00:00:00  |w 2024-02-26  |y BK 
952 |0 0  |1 0  |2 lcc  |3 V.10  |4 0  |6 PJ7631 A2 V.00001-00024  |7 1  |9 63041  |a ARCE  |b ARCE  |d 2024-02-26  |l 0  |o PJ7631 .A2 v.1-24  |p 1019361  |r 2024-02-26 00:00:00  |w 2024-02-26  |y BK 
952 |0 0  |1 0  |2 lcc  |3 V.11  |4 0  |6 PJ7631 A2 V.00001-00024  |7 1  |9 63042  |a ARCE  |b ARCE  |d 2024-02-26  |l 0  |o PJ7631 .A2 v.1-24  |p 1019362  |r 2024-02-26 00:00:00  |w 2024-02-26  |y BK 
952 |0 0  |1 0  |2 lcc  |3 V.12  |4 0  |6 PJ7631 A2 V.00001-00024  |7 1  |9 63043  |a ARCE  |b ARCE  |d 2024-02-26  |l 0  |o PJ7631 .A2 v.1-24  |p 1019363  |r 2024-02-26 00:00:00  |w 2024-02-26  |y BK 
952 |0 0  |1 0  |2 lcc  |3 V.13  |4 0  |6 PJ7631 A2 V.00001-00024  |7 1  |9 63045  |a ARCE  |b ARCE  |d 2024-02-26  |l 0  |o PJ7631 .A2 v.1-24  |p 1019364  |r 2024-02-26 00:00:00  |w 2024-02-26  |y BK 
952 |0 0  |1 0  |2 lcc  |3 V.14  |4 0  |6 PJ7631 A2 V.00001-00024  |7 1  |9 63046  |a ARCE  |b ARCE  |d 2024-02-26  |l 0  |o PJ7631 .A2 v.1-24  |p 1019365  |r 2024-02-26 00:00:00  |w 2024-02-26  |y BK 
952 |0 0  |1 0  |2 lcc  |3 V.15  |4 0  |6 PJ7631 A2 V.00001-00024  |7 1  |9 63047  |a ARCE  |b ARCE  |d 2024-02-26  |l 0  |o PJ7631 .A2 v.1-24  |p 1019366  |r 2024-02-26 00:00:00  |w 2024-02-26  |y BK 
952 |0 0  |1 0  |2 lcc  |3 V.16  |4 0  |6 PJ7631 A2 V.00001-00024  |7 1  |9 63048  |a ARCE  |b ARCE  |d 2024-02-26  |l 0  |o PJ7631 .A2 v.1-24  |p 1019367  |r 2024-02-26 00:00:00  |w 2024-02-26  |y BK 
952 |0 0  |1 0  |2 lcc  |3 V.17  |4 0  |6 PJ7631 A2 V.00001-00024  |7 1  |9 63049  |a ARCE  |b ARCE  |d 2024-02-26  |l 0  |o PJ7631 .A2 v.1-24  |p 1019368  |r 2024-02-26 00:00:00  |w 2024-02-26  |y BK 
952 |0 0  |1 0  |2 lcc  |3 V.18  |4 0  |6 PJ7631 A2 V.00001-00024  |7 1  |9 63050  |a ARCE  |b ARCE  |d 2024-02-26  |l 0  |o PJ7631 .A2 v.1-24  |p 1019369  |r 2024-02-26 00:00:00  |w 2024-02-26  |y BK 
952 |0 0  |1 0  |2 lcc  |3 V.19  |4 0  |6 PJ7631 A2 V.00001-00024  |7 1  |9 63052  |a ARCE  |b ARCE  |d 2024-02-26  |l 0  |o PJ7631 .A2 v.1-24  |p 1019370  |r 2024-02-26 00:00:00  |w 2024-02-26  |y BK 
952 |0 0  |1 0  |2 lcc  |3 V.20  |4 0  |6 PJ7631 A2 V.00001-00024  |7 1  |9 63053  |a ARCE  |b ARCE  |d 2024-02-26  |l 0  |o PJ7631 .A2 v.1-24  |p 1019371  |r 2024-02-26 00:00:00  |w 2024-02-26  |y BK 
952 |0 0  |1 0  |2 lcc  |3 V.21  |4 0  |6 PJ7631 A2 V.00001-00024  |7 1  |9 63054  |a ARCE  |b ARCE  |d 2024-02-26  |l 0  |o PJ7631 .A2 v.1-24  |p 1019372  |r 2024-02-26 00:00:00  |w 2024-02-26  |y BK 
952 |0 0  |1 0  |2 lcc  |3 V.22  |4 0  |6 PJ7631 A2 V.00001-00024  |7 1  |9 63055  |a ARCE  |b ARCE  |d 2024-02-26  |l 0  |o PJ7631 .A2 v.1-24  |p 1019373  |r 2024-02-26 00:00:00  |w 2024-02-26  |y BK 
952 |0 0  |1 0  |2 lcc  |3 V.23  |4 0  |6 PJ7631 A2 V.00001-00024  |7 1  |9 63057  |a ARCE  |b ARCE  |d 2024-02-26  |l 0  |o PJ7631 .A2 v.1-24  |p 1019374  |r 2024-02-26 00:00:00  |w 2024-02-26  |y BK 
952 |0 0  |1 0  |2 lcc  |3 V.24  |4 0  |6 PJ7631 A2 V.00001-00024  |7 1  |9 63058  |a ARCE  |b ARCE  |d 2024-02-26  |l 0  |o PJ7631 .A2 v.1-24  |p 1019375  |r 2024-02-26 00:00:00  |w 2024-02-26  |y BK 
999 |c 30303  |d 30303 
040 |c ARCE Library 
050 4 |a PJ7631 .A2 v.1-24 
100 1 |6 880-01  |a Abū al-Faraj al-Iṣbahānī,  |d 897 or 898-967,  |e author 
245 1 0 |6 880-02  |a Kitab al-aghani /  |c taʼlīf Abī al-Faraj al-Iṣfahānī. 
264 1 |a al-Qāhirah :   |b Maṭbaʻat Dār al-Kutub al-ʻArabīyah,   |c 1927-1974. 
300 |a 24 volumes ;   |c 28 cm. 
504 |a Includes bibliographical references and indexes. 
650 0 |a Arabic poetry  |v Early works to 1800. 
710 2 |a Dār al-Kutub al-Miṣrīyah.  
740 0 |a Aghānī. 
880 1 |6 100-01/(3/r  |a أبو الفرج الأصبهاني,‪‪‪‪‪‪‪‪‪‪‪‪‪‪‪‪‪‪‪‪‪‪‪‪‪‪‪‪‪‪‪‪‪‪‪‪‪‪‪‪‪‪‪‪‪‪‪‪‪‪‪‪  |d 897 or 898-967. 
880 1 0 |6 245-02/(3/r  |a كتاب الأغاني  |c تأليف أبي الفرج الإصفهاني 
901 |a reviewed 
942 |c BK  |2 lcc